| 000 | 00746nam a2200253Ia 4500 | ||
|---|---|---|---|
| 003 | OSt | ||
| 005 | 20220927113015.0 | ||
| 006 | a|||||r|||| 00| 0 | ||
| 007 | ta | ||
| 008 | 220926b |||||||| |||| 00| 0 eng d | ||
| 024 | _a196696 | ||
| 037 | _cReports | ||
| 040 |
_aRTL _cRTL _beng |
||
| 041 |
_2eng _aeng |
||
| 082 | _a"T4.281,e4,d(X:8F).P10<- P09, Q0/GD" | ||
| 110 | _aDELHI (University of-) | ||
| 245 | 0 | _aAnnual accounts and audit report | |
| 260 |
_a"Delhi," _b"University of Delhi, " _c2010 |
||
| 490 | _vPC010591: 2009-2010 (40p) | ||
| 500 | _aBibliography chapterwise | ||
| 700 | _aDELHI (University of-) | ||
| 942 |
_h"T4.281,e4,d(X:8F).P10<- P09, Q0/GD" _cCC |
||
| 999 |
_c701223 _d701223 |
||